[Event "FSGM May"]
[Site "Budapest HUN"]
[Date "2007.05.09"]
[Round "5"]
[White "Ilincic,Z"]
[Black "Vajda,L"]
[Result "1-0"]
[WhiteElo "2488"]
[BlackElo "2549"]

1.d4 g6 2.e4 Bg7 3.Nc3 d6 4.Nf3 Nf6 5.h3 O-O 6.Be3 c6 7.a4 Nbd7 8.a5 e5 9.dxe5 dxe5
10.Bc4 Qe7 11.O-O Nc5 12.Nd2 Rd8 13.Qb1 Nh5 14.Ne2 Kh8 15.b4 Ne6 16.c3 Nef4
17.Nxf4 Nxf4 18.Nf3 g5 19.Rd1 g4 20.Bc5 Qf6 21.Nxe5 Be6 22.Bxe6 Qxe6 23.Nxg4 Ne2+
24.Kh1 Nxc3 25.Rxd8+ Rxd8 26.Qf1 Nxe4 27.Rd1 Rxd1 28.Qxd1 h5 29.Qd8+ Kh7
30.Qh4 Kg6 31.Ne3 Bf6 32.Qf4 Bg5 33.Qf3 f5 34.Bxa7 f4 35.Nf1 Qc4 36.Kg1 Qxb4
37.h4 Bh6 38.Qd3 Kf7 39.Bd4 Qe7 40.Nh2 Bg7 41.Nf3 Bxd4 42.Qxd4 Kg6 43.Ne5+ Kf5
44.Nc4 Nf6 45.Qd3+ Ke6 46.Qf3 Qc7 47.Qe2+ Kf7 48.Ne5+ Kg7 49.Nd3 Ng4 50.Qb2+ Kh7
51.Nc5 Qd6 52.Qb1+ Kh6 53.Ne4 Qe5 54.Ng5 Qe7 55.f3 Ne3 56.Kh2 Qd7 57.Qe4 Nf1+
58.Kg1 Ng3 59.Qe6+ Qxe6 60.Nxe6 Ne2+ 61.Kf2 Nc3 62.Nc5 Kg6 63.Nxb7 Nb5 64.Nc5  1-0

[Event "TCh-RUS"]
[Site "Sochi RUS"]
[Date "2007.05.09"]
[Round "8"]
[White "Timofeev,Arty"]
[Black "Volokitin,And"]
[Result "1/2-1/2"]
[WhiteElo "2658"]
[BlackElo "2654"]

1.e4 g6 2.d4 Bg7 3.Nc3 d6 4.Nf3 Nf6 5.h3 O-O 6.Be2 c5 7.dxc5 Qa5 8.O-O Qxc5
9.Be3 Qa5 10.Re1 Bd7 11.Bc4 b5 12.Bb3 b4 13.Nd5 Nxd5 14.exd5 Bxb2  1/2-1/2

[Event "ch-UZB"]
[Site "Tashkent UZB"]
[Date "2007.05.15"]
[Round "5"]
[White "Karimov,I"]
[Black "Dzhumaev,M"]
[Result "1/2-1/2"]
[WhiteElo "2317"]
[BlackElo "2505"]

1.e4 g6 2.d4 Bg7 3.Nc3 d6 4.Be3 Nd7 5.Qd2 c6 6.Nge2 Ngf6 7.f3 b5 8.Bh6 Bxh6
9.Qxh6 b4 10.Nd1 e5 11.Ne3 Ba6 12.dxe5 dxe5 13.O-O-O Qe7 14.Kb1 O-O-O 15.Nd4 Bb7
16.Nb3 Nb6 17.Be2 Kc7 18.Qh4 h5 19.Qf2 Nfd7 20.Nc4 Nxc4 21.Bxc4 Nb6 22.Be2 Bc8
23.Qe3 Rxd1+ 24.Rxd1 Rd8 25.Rxd8 Qxd8 26.Nc5 Qh4 27.Qg1 Qg5 28.Nb3 Be6 29.Nc1 Qd2
30.Qc5 Qd4 31.Qa5 Kb8 32.a3 c5 33.axb4 Qxb4 34.Qxb4 cxb4 35.Nd3 Bc4 36.Kc1 Bxd3
37.Bxd3 Kc7 38.h4 Kd6 39.Bb5 Nc8 40.Ba6 Nb6 41.Bb5 a5 42.b3 Nc8 43.Ba6 Na7
44.Kd2 Nc6 45.Bc4 Ke7 46.c3 bxc3+ 47.Kxc3 Nd4 48.b4 axb4+ 49.Kxb4 f5 50.exf5 Nxf5
51.Bd3 Kf6 52.Bxf5 Kxf5 53.Kc5 Kf4 54.Kd5 Kg3 55.Kxe5 Kxg2 56.f4 Kg3 57.f5  1/2-1/2

[Event "ch-UZB"]
[Site "Tashkent UZB"]
[Date "2007.05.16"]
[Round "6"]
[White "Khamrakulov,D"]
[Black "Karimov,I"]
[Result "1-0"]
[WhiteElo "2322"]
[BlackElo "2317"]

1.e4 d6 2.d4 g6 3.Nc3 Bg7 4.Nf3 Nf6 5.Be2 O-O 6.O-O c6 7.a4 Qc7 8.Re1 e5
9.Bg5 h6 10.Bh4 Nh5 11.Qd2 Nf4 12.Rad1 Nxe2+ 13.Rxe2 Bg4 14.dxe5 dxe5 15.Re3 Na6
16.h3 Be6 17.Rd3 f6 18.Nh2 g5 19.Bg3 Rfe8 20.Qe3 Qb6 21.Qf3 Rad8 22.b3 Nb4
23.R3d2 Rxd2 24.Rxd2 Rd8 25.Rxd8+ Qxd8 26.Qe2 Qd4 27.Nd1 Qa1 28.Nf1 Na2 29.f3 Bf8
30.Bf2 a6 31.Qd3 Be7 32.Nfe3 Qd4 33.Qxd4 exd4 34.Nf5 Bxf5 35.exf5 c5 36.Kf1 Nb4
37.c3 dxc3 38.Nxc3 Nd3 39.Be3 Kf7 40.Ke2 Ne5 41.f4 Nc6 42.fxg5 hxg5 43.Ne4 Na5
44.Bxc5 Nxb3 45.Bb6 Nc1+ 46.Kd2 Na2 47.Nc5 Nb4 48.Nxb7 Nd5 49.Be3 Bb4+ 50.Kd3 Ke7
51.Kd4 Nxe3 52.Kxe3 Kd7 53.Kd4 Kc6 54.Nd8+ Kd7 55.Nf7 Kc6 56.Nh6 Ba3 57.Ng4 Bb2+
58.Kc4 Kd6 59.g3 a5 60.h4 gxh4 61.gxh4 Ke7 62.h5 Kf7 63.Kd5 Ba1 64.h6 Bb2
65.h7 Kg7 66.Ke6 Kxh7 67.Nxf6+ Kg7 68.Nd7 Ba3 69.f6+ Kg8 70.Ne5 Kf8 71.Nc6 Bb2
72.Nxa5  1-0

[Event "25th Liechtenstein Open"]
[Site "Triesen LIE"]
[Date "2007.05.17"]
[Round "7"]
[White "Stasans,A"]
[Black "Buergi,O"]
[Result "1-0"]
[WhiteElo "2244"]
[BlackElo "2126"]

1.e4 g6 2.d4 Bg7 3.Nc3 d6 4.Be3 a6 5.f4 b5 6.Bd3 Bb7 7.Nf3 Nd7 8.e5 e6 9.O-O Ne7
10.Qe1 Nb6 11.Ng5 Nbd5 12.Nxd5 Nxd5 13.Bd2 Qe7 14.a4 bxa4 15.Rxa4 Nb6 16.Ra5 O-O
17.Bb4 Nd5 18.Bd2 Nb6 19.Ne4 Bxe4 20.Qxe4 c5 21.exd6 Qxd6 22.dxc5 Bd4+ 23.Be3 Bxe3+
24.Qxe3 Nd5 25.cxd6 Nxe3 26.Rfa1 Nd5 27.Rxa6 Rab8 28.Be4 Nxf4 29.Ra8 Rbd8
30.Rxd8 Rxd8 31.Ra8 Rxa8 32.Bxa8 Kf8 33.Kf2 e5 34.Ke3 Ke8 35.Bc6+ Kd8 36.Ke4 Nxg2
37.Kxe5 Ne3 38.b4 Nxc2 39.b5 Ne3 40.Kf6 Nc4 41.d7 Nd6 42.b6 h6 43.Kg7 h5
44.Kf6  1-0

[Event "16th TCh-CRO"]
[Site "Sibenik CRO"]
[Date "2007.05.18"]
[Round "2"]
[White "Rosandic,D"]
[Black "Lacmanovic,S"]
[Result "1/2-1/2"]
[WhiteElo "2305"]
[BlackElo "2081"]

1.e4 d6 2.d4 g6 3.Nc3 Bg7 4.Nf3 c6 5.a4 Nf6 6.Be2 O-O 7.O-O Qc7 8.h3 Nbd7
9.Be3 e5 10.dxe5 dxe5 11.Qd2 Re8 12.Rad1 Bf8 13.Ng5 h6 14.Nf3 Kh7 15.Bc4 Nc5  1/2-1/2

[Event "ch-UZB"]
[Site "Tashkent UZB"]
[Date "2007.05.18"]
[Round "8"]
[White "Galyamov,V"]
[Black "Dzhumaev,M"]
[Result "0-1"]
[WhiteElo "2238"]
[BlackElo "2505"]

1.e4 g6 2.d4 Bg7 3.Nc3 d6 4.f4 c6 5.Nf3 Bg4 6.Be3 Qb6 7.Qd2 Bxf3 8.gxf3 Nd7
9.O-O-O O-O-O 10.Bc4 f5 11.Rhg1 d5 12.exd5 Ngf6 13.dxc6 Qxc6 14.Bb5 Qc7 15.Bd3 Qa5
16.Nb5 Qxd2+ 17.Bxd2 a6 18.Na3 Bh6 19.Nc4 Nd5 20.Ne5 Rhf8 21.Bc4 Nxf4 22.Nxd7 Rxd7
23.c3 b5 24.Bf1 e5 25.Kc2 exd4 26.Bxf4 Bxf4 27.Rxd4 Rxd4 28.cxd4 Rd8 29.a4 Rxd4
30.axb5 Rd2+ 31.Kc3 axb5 32.Bxb5 Rxh2 33.b4 Kd8 34.Bc6 Be5+ 35.Kc4 Ke7 36.b5 Rb2
37.Rh1 h5 38.Rg1 Kf7 39.Kc5 h4 40.Rh1 Bg3 41.Bd5+ Kf6 42.Kc6 Rc2+ 43.Kb7 Rh2
44.Rb1 Rd2 45.Bc6 h3 46.b6 Bf4 47.Kc8 Rc2 48.Kd7 h2 49.b7 Rg2 50.Bd5 Rg1
51.Rb6+ Kg7 52.Rd6 Bxd6 53.Kxd6 h1=Q  0-1

[Event "V Regina Helena Marques Prol"]
[Site "Santos BRA"]
[Date "2007.05.21"]
[Round "3"]
[White "Molina,Rob"]
[Black "Dolezal,C"]
[Result "0-1"]
[WhiteElo "2353"]
[BlackElo "2414"]

1.d4 g6 2.e4 Bg7 3.Nc3 d6 4.Be3 a6 5.Qd2 b5 6.Bd3 Nd7 7.a4 b4 8.Nce2 c5 9.Nf3 Qc7
10.Ng3 h5 11.h4 Ngf6 12.O-O Ng4 13.Bg5 Bb7 14.c3 bxc3 15.bxc3 e5 16.dxe5 Ndxe5
17.Nxe5 Nxe5 18.Be2 O-O 19.Bh6 Qe7 20.Bxg7 Kxg7 21.Rab1 Rad8 22.Qf4 Rd7 23.Rb6 Ra8
24.Rfb1 Bc6 25.a5 c4 26.Qg5 Qxg5 27.hxg5 h4 28.f4 hxg3 29.fxe5 Bxe4 30.Rd1 d5
31.Bxc4 Rc8 32.Bxa6 Rxc3 33.Bf1 Ra3 34.a6 Re7 35.Rb7 Rxe5 36.a7 Rxg5 37.Re1 Rf5
38.Re3 Rxe3  0-1

[Event "3rd UKR Games Men"]
[Site "Evpatoria UKR"]
[Date "2007.05.22"]
[Round "2"]
[White "Galakhov,V"]
[Black "Sushchev,A"]
[Result "1-0"]
[WhiteElo "2377"]
[BlackElo "2300"]

1.d4 g6 2.e4 Bg7 3.Nc3 d6 4.f4 Nd7 5.Nf3 c5 6.d5 Ngf6 7.e5 dxe5 8.fxe5 Ng4
9.e6 fxe6 10.Ng5 Qa5 11.Bd2 Ne3 12.Bxe3 Bxc3+ 13.bxc3 Qxc3+ 14.Bd2 Qe5+ 15.Be2 exd5
16.O-O Nf6 17.Bb5+ Bd7 18.Bxd7+ Nxd7 19.Kh1 Nf6 20.Qb1 O-O 21.Bf4 Qf5 22.Qxb7 Rae8
23.Rae1 e5 24.Be3 Qd7 25.Qa6 Ng4 26.Bxc5 Rf5 27.Rxf5 Qxf5 28.Qc6 Rc8 29.Qxd5+ Kg7
30.Qd7+ Kh6 31.Nf7+ Kh5 32.Nd6 Qf4 33.Qxh7+  1-0

[Event "3rd UKR Games Women"]
[Site "Evpatoria UKR"]
[Date "2007.05.23"]
[Round "5"]
[White "Ivanenko,O2"]
[Black "Zavgorodnya,O"]
[Result "1-0"]
[WhiteElo "2077"]
[BlackElo "1992"]

1.e4 g6 2.d4 Bg7 3.Nc3 d6 4.g3 Nf6 5.Bg2 c6 6.Nge2 O-O 7.O-O e5 8.a4 a5 9.h3 Na6
10.Be3 Nb4 11.f4 exd4 12.Nxd4 d5 13.e5 Ne8 14.Nb3 Nc7 15.Bb6 Ra6 16.Bxa5 c5
17.Bxb4 cxb4 18.Nxd5 Nxd5 19.Qxd5 Qxd5 20.Bxd5 Bxh3 21.Rfd1 Ra7 22.Nd4 Bd7
23.b3 Rc8 24.Bc4 h5 25.Kf2 g5 26.Nf3 Bg4 27.Rd2 Bxf3 28.Kxf3 b6 29.Rh1 h4
30.e6 Rxc4 31.bxc4 fxe6 32.fxg5 hxg3 33.Kxg3 Be5+ 34.Kg2 Bf4 35.Rd4 e5 36.Rd6 Rg7
37.Rd8+ Kf7 38.Rd7+ Kg8 39.Rxg7+ Kxg7 40.Rh6 Bxg5 41.Rxb6  1-0

[Event "National Masters"]
[Site "Lisbon POR"]
[Date "2007.05.23"]
[Round "3"]
[White "Pereira,Rub"]
[Black "Vitor,A"]
[Result "1-0"]
[WhiteElo "2327"]
[BlackElo "2367"]

1.e4 g6 2.d4 Bg7 3.Nc3 d6 4.Be3 a6 5.a4 b6 6.Bc4 e6 7.Nge2 Nf6 8.Qd2 Bb7
9.f3 Qe7 10.Bb3 Nbd7 11.Nd1 c5 12.c3 O-O 13.O-O Rfd8 14.Nf2 Qf8 15.Rfd1 h6
16.Ng3 e5 17.dxc5 dxc5 18.Bc4 Ne8 19.h4 h5 20.Nh3 b5 21.axb5 Nb6 22.Qe2 Nd6
23.Bb3 Nxb5 24.Ng5 Rxd1+ 25.Rxd1 c4 26.Bxb6 cxb3 27.Rd7 Qc8 28.Rd8+ Qxd8
29.Bxd8 Rxd8 30.Qc4 Rd7 31.Qxb3 Bf8 32.Kf2 Bc6 33.Qc4 Rc7 34.Nxf7 Kg7 35.Ng5  1-0

[Event "V Regina Helena Marques Prol"]
[Site "Santos BRA"]
[Date "2007.05.23"]
[Round "6"]
[White "Lima,Din"]
[Black "Viana da Costa,F"]
[Result "0-1"]
[WhiteElo "2137"]
[BlackElo "2288"]

1.e4 d6 2.d4 g6 3.Nc3 Bg7 4.Be3 a6 5.Qd2 b5 6.h4 h5 7.Nh3 Bb7 8.Ng5 Nf6 9.f3 Nbd7
10.Rd1 O-O 11.g4 c5 12.gxh5 Nxh5 13.dxc5 Nxc5 14.Bd4 Nd7 15.Bxg7 Kxg7 16.f4 Qb6
17.Ne2 Ndf6 18.Bg2 Rac8 19.Bf3 d5 20.e5 Ne4 21.Qd4 Qxd4 22.Nxd4 Nxf4 23.Rg1 Nxg5
24.Rxg5 f6 25.exf6+ Rxf6 26.h5 Rc7 27.hxg6 Kh6 28.Rg4 Nxg6 29.Rd2 e5 30.Rh2+ Kg7  0-1

[Event "3rd UKR Games Men"]
[Site "Evpatoria UKR"]
[Date "2007.05.25"]
[Round "7"]
[White "Zubarev,Al1"]
[Black "Nesteretz,A"]
[Result "1-0"]
[WhiteElo "2511"]
[BlackElo "2366"]

1.e4 g6 2.d4 Bg7 3.Nc3 d6 4.Be3 a6 5.Qd2 b5 6.f3 Nd7 7.Nh3 Nb6 8.Nf2 c6 9.Be2 Nf6
10.O-O O-O 11.a4 b4 12.Ncd1 a5 13.c3 bxc3 14.bxc3 Nfd7 15.Bh6 Bxh6 16.Qxh6 c5
17.Nh3 Re8 18.f4 e6 19.Ng5 Nf8 20.Bb5 Re7 21.dxc5 dxc5 22.Ne3 f5 23.Rad1 Qc7
24.exf5 exf5 25.Nc4 Ba6 26.Bxa6 Rxa6 27.Rd6 Qa7 28.Rd8 Nd7 29.Rd1 Rf6 30.Qh4 Qa6
31.R1xd7 Rxd7 32.Rxd7 Qxc4 33.Rxh7 Nxh7 34.Qxh7+ Kf8 35.Qh8+ Ke7 36.Qg7+ Rf7
37.Qxf7+ Qxf7 38.Nxf7 Kxf7 39.Kf2 Kf6 40.c4  1-0

[Event "50th TCh-SRB Cup"]
[Site "Mataruska Banja SRB"]
[Date "2007.05.25"]
[Round "5"]
[White "Sedlak,N"]
[Black "Nevednichy,V"]
[Result "1-0"]
[WhiteElo "2575"]
[BlackElo "2528"]

1.d4 g6 2.e4 Bg7 3.Nc3 d6 4.Be3 a6 5.Nf3 e6 6.Bd3 Nd7 7.Ne2 Ngf6 8.Ng3 e5
9.c3 O-O 10.O-O c5 11.d5 b5 12.b3 Nb6 13.a4 Bd7 14.axb5 axb5 15.Qe2 Qe8 16.Rxa8 Nxa8
17.Ra1 Qb8 18.h3 Nc7 19.b4 c4 20.Bb1 Nfe8 21.Qd2 Bc8 22.Ra5 f5 23.exf5 gxf5
24.Nh4 e4 25.Nh5 Rf7 26.Nxg7 Nxg7 27.Bd4 Bd7 28.Ra7 Qd8 29.Qh6 Nce8 30.g4 Qe7
31.g5  1-0

[Event "Okie B"]
[Site "Tulsa USA"]
[Date "2007.05.26"]
[Round "2"]
[White "Nugent,M"]
[Black "Holliman,B"]
[Result "0-1"]
[WhiteElo "1894"]
[BlackElo "2143"]

1.e4 d6 2.d4 g6 3.Nc3 Bg7 4.Be3 a6 5.Qd2 b5 6.Bd3 Nd7 7.f3 Bb7 8.Nd1 c5 9.c3 Rc8
10.f4 c4 11.Bc2 Ngf6 12.Nf2 d5 13.e5 Ne4 14.Nxe4 dxe4 15.Ne2 f5 16.exf6 Nxf6
17.O-O e6 18.Rae1 h5 19.f5 exf5 20.Bg5 O-O 21.Ng3 Qd7 22.Rf4 Rce8 23.Rh4 Qd5
24.h3 Re6 25.Be3 Qd8 26.Bg5 Qe8 27.Bd1 Nh7 28.Nxh5 gxh5 29.Bxh5 Qb8 30.d5 Nxg5
31.dxe6 Qg3 32.Qf2 Qxf2+ 33.Kxf2 Nxe6 34.Be2 Bf6 35.Rh5 Nf4 36.Kg3 Nxh5+
37.Bxh5 f4+  0-1

[Event "50th TCh-SRB Cup"]
[Site "Mataruska Banja SRB"]
[Date "2007.05.27"]
[Round "7"]
[White "Vuckovic,Bo"]
[Black "Nevednichy,V"]
[Result "1-0"]
[WhiteElo "2555"]
[BlackElo "2528"]

1.e4 g6 2.d4 Bg7 3.Nc3 d6 4.Bg5 c6 5.Qd2 b5 6.Nf3 a6 7.h3 Nd7 8.a4 Bb7 9.Bd3 b4
10.Ne2 c5 11.c3 Ngf6 12.Ng3 bxc3 13.bxc3 O-O 14.O-O d5 15.e5 Ne4 16.Bxe4 dxe4
17.Nh2 cxd4 18.cxd4 f6 19.Qa2+ Kh8 20.Rab1 Rb8 21.exf6 Nxf6 22.Bf4 Bd5 23.Qd2 Rxb1
24.Rxb1 Bc6 25.a5 Qd5 26.Be5 Rd8 27.Nhf1 Bb5 28.Rc1 Kg8 29.Qb4 Qe6 30.Ne3 h5
31.Rc7 Bf8 32.Qb1 Bh6 33.Nxe4 Nxe4 34.Qxe4 Bg7 35.f4 Bxe5 36.fxe5 Qf7 37.d5  1-0

[Event "1st WCh-Team Women"]
[Site "Ekaterinburg RUS"]
[Date "2007.05.28"]
[Round "8"]
[White "Hou Yifan"]
[Black "Sabure,T"]
[Result "1-0"]
[WhiteElo "2513"]
[BlackElo "2067"]

1.e4 d6 2.d4 g6 3.Nc3 Bg7 4.Be3 Nf6 5.Nf3 O-O 6.Qd2 Re8 7.Bd3 Nbd7 8.Bh6 Nf8
9.e5 dxe5 10.dxe5 Nd5 11.Bxg7 Kxg7 12.O-O-O Be6 13.h4 Nb4 14.h5 Nxd3+ 15.cxd3 Bg4
16.hxg6 fxg6 17.Rh6 Bxf3 18.gxf3 e6 19.Rdh1 Re7 20.Ne4 Qd5 21.Qg5 Rf7 22.Nf6 Kh8
23.Nxd5  1-0

[Event "10th IHEM"]
[Site "Hamburg GER"]
[Date "2007.05.28"]
[Round "3"]
[White "Fries Nielsen,JO"]
[Black "Engelbert,C"]
[Result "1-0"]
[WhiteElo "2374"]
[BlackElo "2230"]

1.e4 g6 2.d4 Bg7 3.Nc3 d6 4.h3 Nf6 5.g4 e5 6.d5 c6 7.Be3 cxd5 8.exd5 O-O
9.Nge2 Ne8 10.Qd2 f5 11.gxf5 Bxf5 12.Ng3 Nf6 13.O-O-O Nbd7 14.f3 a6 15.h4 b5
16.Nxf5 gxf5 17.h5 f4 18.Bf2 h6 19.Bd3 Qa5 20.Kb1 Nc5 21.Bxc5 dxc5 22.Rdg1 Ne8
23.d6 Ra7 24.d7 Nf6 25.Bf5 Qd8 26.Qd6 Kh8 27.Ne4 Rf7 28.Nxc5  1-0

[Event "Doroshkevich Mem"]
[Site "Belorechensk RUS"]
[Date "2007.05.29"]
[Round "1"]
[White "Zakarzhaev,M"]
[Black "Cherniaev,A1"]
[Result "1/2-1/2"]
[WhiteElo "2155"]
[BlackElo "2487"]

1.e4 g6 2.d4 Bg7 3.Nc3 d6 4.f4 Nf6 5.Nf3 O-O 6.Bd3 Na6 7.O-O c5 8.d5 Bg4
9.Be3 Rb8 10.Bc4 Nc7 11.a4 a6 12.a5 Nb5 13.Qd3 Bxf3 14.Rxf3 Ng4 15.Bxb5 axb5
16.Nxb5 Nxe3 17.Rxe3 Bxb2 18.Ra2 Bg7 19.c4 Ra8 20.Qd2 Qd7 21.g3 Ra6 22.Kg2 Rfa8
23.Qe1 Qd8 24.e5 dxe5 25.fxe5 Rxa5 26.Rxa5 Qxa5 27.Qxa5 Rxa5 28.d6 Kf8 29.d7 Ra8
30.Nc7 Rd8 31.e6 Kg8 32.Nd5 fxe6 33.Nb6 Kf7 34.Kf3 e5  1/2-1/2

[Event "zt 2.3"]
[Site "Santo Domingo DOM"]
[Date "2007.05.30"]
[Round "2"]
[White "Mendoza,Raf"]
[Black "De los Santos,E"]
[Result "1-0"]
[WhiteElo "2390"]
[BlackElo "2174"]

1.e4 d6 2.d4 g6 3.Nc3 Bg7 4.f4 c6 5.Nf3 Bg4 6.Be3 Qb6 7.Qd2 Nd7 8.Rb1 Ngf6
9.Be2 h5 10.O-O h4 11.e5 Nd5 12.Nxd5 cxd5 13.h3 Bxf3 14.Bxf3 e6 15.c4 dxc4
16.d5 Qa6 17.dxe6 fxe6 18.Qc2 O-O 19.Rbd1 d5 20.Qxg6 Rf7 21.Bh5 Rf5 22.Qg4 Nf8
23.Rxd5 Rxh5 24.Rd6 Qxa2 25.Qxh5 Qxb2 26.Qxh4 a5 27.Rb6 Qc3 28.Qf2 a4 29.Rxb7 Qd3
30.Qg3 Qh7 31.f5 exf5 32.Qf3 Rd8 33.Qc6 Qh4 34.Rxf5 Qg3 35.Rxg7+  1-0

[Event "Doroshkevich Mem"]
[Site "Belorechensk RUS"]
[Date "2007.05.31"]
[Round "3"]
[White "Dashko,A"]
[Black "Cherniaev,A1"]
[Result "1/2-1/2"]
[WhiteElo "2359"]
[BlackElo "2487"]

1.e4 g6 2.d4 Bg7 3.Nc3 d6 4.Be3 a6 5.Qd2 Nd7 6.f4 b5 7.Nf3 Bb7 8.e5 e6 9.Be2 Ne7
10.a3 Nb6 11.O-O Qd7 12.Rad1 O-O 13.Ng5 f5 14.Qe1 h6 15.Nf3 Ned5 16.Nxd5 Bxd5
17.Qg3 Kh7 18.Nh4 Qf7 19.Bf3 Rfd8 20.b3 Bf8 21.Qh3 dxe5 22.fxe5 Rd7 23.Rd3 Bxf3
24.Nxf3 Qe8 25.g4 Kg8 26.gxf5 exf5 27.Nh4 Qe6 28.Rf2 Bg7 29.Rg2 g5 30.Qxf5 Re8
31.Qxe6+ Rxe6 32.Nf5 Bf8 33.Ng3 Bxa3 34.Ne4 Rg7 35.Nf6+ Kf7 36.h4 gxh4 37.Bxh6 Rxg2+
38.Kxg2 Be7  1/2-1/2

[Event "8th United Insurance"]
[Site "Dhaka BAN"]
[Date "2007.05.31"]
[Round "6"]
[White "Rahman,SM"]
[Black "Rahman,Tai"]
[Result "1-0"]
[WhiteElo "2247"]
[BlackElo "2269"]

1.d4 g6 2.e4 Bg7 3.Nc3 d6 4.f4 c6 5.Nf3 Qb6 6.Be2 Bg4 7.e5 Nd7 8.Ng5 Bxe2
9.Qxe2 Nh6 10.e6 fxe6 11.Nxe6 Bxd4 12.Bd2 Bxc3 13.Bxc3 Rg8 14.O-O-O Nf5 15.Rhe1 h5
16.g3 Rc8 17.Ng7+ Rxg7 18.Bxg7 Qb5 19.Qe6 Kd8 20.Qxg6 Kc7 21.Bc3 Nc5 22.Rxe7+ Nxe7
23.Qxd6+ Kb6 24.Qxe7 Na4 25.Qb4 Nxc3 26.bxc3 Re8 27.Rf1 Kc7 28.Qxb5 cxb5
29.f5 Kd6 30.Rd1+ Kc6 31.h3 Re2 32.g4 hxg4 33.hxg4 Rf2 34.Kb2 a5 35.Rd8 Kc5
36.Rd7 Rg2 37.Rg7 b6 38.Rg6 Kd5 39.Rxb6 b4 40.Rg6 Rg3 41.cxb4 axb4 42.f6 Ke6
43.g5 Rc3 44.Rg7 Rf3 45.Rb7 Rf5 46.f7  1-0

[Event "Aldo Perini Mem"]
[Site "Senigallia ITA"]
[Date "2007.05.31"]
[Round "6"]
[White "Todorov,T"]
[Black "De Santis,A"]
[Result "1-0"]
[WhiteElo "2499"]
[BlackElo "2321"]

1.e4 g6 2.d4 Bg7 3.Nc3 d6 4.Be3 Nd7 5.Qd2 a6 6.Nf3 c6 7.h3 h6 8.a4 b6 9.Ne2 Ngf6
10.Ng3 h5 11.Bd3 Qc7 12.c3 Bb7 13.Nh4 Nh7 14.O-O Bf6 15.Nf3 c5 16.b4 e5 17.a5 b5
18.Rac1 c4 19.Bc2 h4 20.Ne2 O-O-O 21.Rcd1 Rhg8 22.Nh2 g5 23.Ng4 Rg6 24.f3 Be7
25.Bf2 Nhf6 26.Ne3 Bf8 27.Nf5 Kb8 28.Qe3 Bc8 29.Rd2 Re8 30.Rfd1 Nh5 31.Kh1 Nf4
32.dxe5 dxe5 33.Bg1 Nxe2 34.Qxe2 Nf6 35.Bb6 Qb7 36.Rd8 Be7 37.Nxe7 Qxe7 38.Qe3 Nd7
39.R1xd7 Qxd7 40.Rxd7 Bxd7 41.Qc5 Bc6 42.Kh2 Rge6 43.Bd1 Rc8 44.Qe3 Rg8 45.Qe1 Ka8
46.Bf2 Kb8 47.Qe3 Bb7 48.Be2 Kc8 49.Qa7 Kc7 50.f4 exf4 51.Qc5+ Kb8 52.Bg4 Ree8
53.Qa7+ Kc7 54.e5 Re6  1-0

[Event "10th IHEM"]
[Site "Hamburg GER"]
[Date "2007.06.01"]
[Round "7"]
[White "Van der Weide,K"]
[Black "Engelbert,C"]
[Result "1-0"]
[WhiteElo "2502"]
[BlackElo "2230"]

1.e4 g6 2.d4 Bg7 3.Nc3 d6 4.f4 Nf6 5.Nf3 O-O 6.Bd3 Na6 7.O-O c5 8.d5 Rb8
9.f5 gxf5 10.exf5 Nc7 11.Ng5 b5 12.Nge4 Nfxd5 13.Nxd5 Nxd5 14.Qh5 f6 15.Rf3 Qe8
16.Qh3 Nb4 17.Rg3 Kh8 18.Be2 Qd7 19.Rxg7 Kxg7 20.Bh6+ Kg8 21.Bxf8 Qxf5 22.Qg3+ Qg6
23.Bxe7 Qxg3 24.Nxg3  1-0

[Event "29th Mem Nezhmetdinov"]
[Site "Kazan RUS"]
[Date "2007.06.01"]
[Round "1"]
[White "Rudnev,Y"]
[Black "Mihajlovskij,S"]
[Result "0-1"]
[WhiteElo "2172"]
[BlackElo "2492"]

1.e4 g6 2.d4 Bg7 3.Nc3 d6 4.Nf3 Nf6 5.Be2 O-O 6.O-O a6 7.h3 b5 8.e5 Nfd7
9.exd6 cxd6 10.a4 b4 11.Nd5 Nc6 12.c3 bxc3 13.bxc3 Bb7 14.Rb1 Na5 15.Ne3 Qc7
16.Ba3 Be4 17.Rc1 Nb6 18.Bb4 Nbc4 19.Nxc4 Nxc4 20.Nd2 Bd5 21.Nxc4 Bxc4 22.Re1 Bf6
23.Bxc4 Qxc4 24.a5 Rab8 25.Qe2 Rfc8 26.Rb1 Qxe2 27.Rxe2 Rxc3 28.Bxc3 Rxb1+
29.Kh2 Kf8 30.f4 Ke8 31.g4 Kd7 32.g5 Bg7 33.Kg2 h5 34.Kf3 e6 35.Ke4 d5+ 36.Kd3 Rh1
37.Re3 Rf1  0-1

[Event "10th IHEM"]
[Site "Hamburg GER"]
[Date "2007.06.03"]
[Round "9"]
[White "Maahs,E"]
[Black "Engelbert,C"]
[Result "1/2-1/2"]
[WhiteElo "2193"]
[BlackElo "2230"]

1.e4 g6 2.d4 Bg7 3.Nc3 d6 4.f4 a6 5.Be3 b5 6.a3 Nd7 7.Nf3 Bb7 8.Bd3 c5 9.d5 Ngf6
10.h3 O-O 11.O-O e6 12.dxe6 fxe6 13.Nd2 d5 14.exd5 exd5 15.Bf2 Qc7 16.Be2 d4
17.Na2 Qxf4 18.c3 Nd5 19.cxd4 Bxd4 20.Bf3 Ne5 21.Nc3 Ne3 22.Bxe3 Qxe3+ 23.Kh1 Nxf3
24.Nxf3 Bxc3 25.Qb3+ c4 26.Qxc3 Qxc3 27.bxc3 Bxf3 28.gxf3 Rad8 29.Kg2 Rd3
30.Rac1 Re8 31.a4 Re2+ 32.Kg3 Rb2 33.Rfe1 Rb3 34.axb5 axb5 35.Re8+ Kg7 36.Rb8 Kf6
37.Kf4 Kg7 38.h4 Kh6 39.Kg4 Rb2 40.Kg3 Rdd2 41.Rh1 Kh5 42.Re8 Rd5 43.Rhe1 Rbd2
44.R1e5+ Kh6 45.Kf4 R2d3 46.Kg4 Rxe5 47.Rxe5 Rxc3 48.Rxb5 Rc1 49.Rc5 c3 50.Kg3 c2
51.Kg2 Kg7 52.Rc6 Kf7 53.Rc7+ Ke6 54.Rc8 Kf6 55.Rc5 Kf7 56.Rc6 Kg7 57.Rc8 Kf6
58.Rc5 Kf7 59.Rc6 Kg7 60.Rc7+  1/2-1/2

[Event "35th World Open"]
[Site "King of Prussia USA"]
[Date "2007.06.03"]
[Round "7"]
[White "Rohonyan,K"]
[Black "Weeramantry,S"]
[Result "1-0"]
[WhiteElo "2362"]
[BlackElo "2220"]

1.e4 d6 2.d4 g6 3.Nc3 Bg7 4.Nf3 Nf6 5.Be3 c6 6.Qd2 b5 7.Bd3 a6 8.Bh6 Bxh6
9.Qxh6 b4 10.Ne2 Bg4 11.e5 Bxf3 12.gxf3 dxe5 13.dxe5 Nh5 14.f4 Qd5 15.Rg1 Nd7
16.Rd1 Qa5 17.e6 Ndf6 18.exf7+ Kxf7 19.Bc4+ e6 20.Rg5 Qc7 21.f5 Qxh2 22.fxe6+ Ke8
23.Rxg6 Ne4 24.Rg2 Qxg2 25.Qxh5+ Qg6 26.Qe5 Rf8 27.Qc7 Rxf2 28.Qd7+  1-0

[Event "5th V Nabokov Mem"]
[Site "Kyiv UKR"]
[Date "2007.06.03"]
[Round "1"]
[White "Vedmediuc,S"]
[Black "Moliboga,V"]
[Result "1/2-1/2"]
[WhiteElo "2361"]
[BlackElo "2253"]

1.e4 g6 2.d4 Bg7 3.Nc3 d6 4.f4 Nf6 5.Nf3 O-O 6.e5 Nfd7 7.Be3 c5 8.exd6 exd6
9.Qd2 Nc6 10.O-O-O Qa5 11.Kb1 Nf6 12.Nb5 Qxd2 13.Rxd2 Ne4 14.Rd1 Bg4 15.dxc5 dxc5
16.Bd3 Rae8 17.Bxe4 Rxe4 18.Bxc5 Ra8 19.Bd6 Re2 20.h3  1/2-1/2

[Event "ch-Skopje"]
[Site "Skopje MKD"]
[Date "2007.06.04"]
[Round "6"]
[White "Glavinac,G"]
[Black "Larrachea,E"]
[Result "1-0"]
[WhiteElo "2174"]
[BlackElo "2300"]

1.e4 d6 2.d4 g6 3.Nc3 Bg7 4.Nf3 Nf6 5.Be2 O-O 6.O-O c6 7.h3 Nbd7 8.Be3 e5
9.dxe5 dxe5 10.Qd2 Re8 11.Rad1 Qa5 12.a3 b5 13.Ra1 Rd8 14.Qd6 Bb7 15.b4 Qa6
16.Rfd1 Bf8 17.Qd2 Be7 18.Qc1 Bc8 19.a4 Qb7 20.axb5 cxb5 21.Nxb5 Nxe4 22.Nxa7 Nc3
23.Re1 Nb6 24.Nxc8 Rdxc8 25.Rxa8 Rxa8 26.Nxe5 Bf6 27.Bf3 Nbd5 28.Bd4 Qxb4
29.Nc6 Qc4 30.Bxf6 Nxf6 31.Ne7+ Kg7 32.Bxa8 Ne2+ 33.Rxe2 Qxe2 34.Qe3 Qxc2
35.Qe5 Qd1+ 36.Kh2 Qh5 37.Qxh5 Nxh5 38.Nd5 f5 39.g3 Kf7 40.Kg2 Ng7 41.Nf4 Kf6
42.Bd5 g5 43.Nd3 Ne8 44.Kf3 Nd6 45.Ke3 h6 46.Kd4 Nc8 47.Nc5 Nd6 48.Bc6 f4
49.Ne4+  1-0

[Event "Doroshkevich Mem"]
[Site "Belorechensk RUS"]
[Date "2007.06.05"]
[Round "8"]
[White "Eraschenkov,D"]
[Black "Tseshkovsky,V"]
[Result "1/2-1/2"]
[WhiteElo "2388"]
[BlackElo "2517"]

1.e4 d6 2.d4 g6 3.Nc3 Bg7 4.f4 Nf6 5.Nf3 c5 6.Bb5+ Bd7 7.e5 Ng4 8.Bxd7+ Qxd7
9.d5 dxe5 10.h3 e4 11.Nxe4 Nf6 12.Nxf6+ Bxf6 13.O-O O-O 14.Ne5 Qd6 15.c4 Nd7
16.Ng4 Bd4+ 17.Be3 f5 18.Bxd4 fxg4 19.Bc3 gxh3 20.g3 e6 21.dxe6 Qxe6 22.Qf3 Nf6
23.Rae1 Qg4 24.Re7 Qxf3 25.Rxf3 Rad8 26.Kh2 g5 27.g4 Rd7 28.Bxf6 Rd2+ 29.Kxh3 Rxf6
30.Rxb7 gxf4 31.g5 Rf7 32.Rxf7 Kxf7 33.Ra3 f3 34.Rxa7+ Kg6 35.Kg4 f2 36.Ra6+ Kg7
37.Rf6 Rxb2 38.a3  1/2-1/2

[Event "29th Mem Nezhmetdinov"]
[Site "Kazan RUS"]
[Date "2007.06.05"]
[Round "5"]
[White "Reshetnikov,A"]
[Black "Hojamgulyev,B"]
[Result "1-0"]
[WhiteElo "2385"]
[BlackElo "2175"]

1.e4 d6 2.d4 g6 3.Nc3 Bg7 4.Be3 a6 5.Qd2 b5 6.Bd3 Nd7 7.a4 b4 8.Nce2 Rb8
9.Nf3 c5 10.c3 Ngf6 11.O-O O-O 12.Ng3 Qa5 13.Qe2 bxc3 14.bxc3 e5 15.dxe5 Nxe5
16.Nxe5 dxe5 17.Rfc1 Ng4 18.Bd2 Rb2 19.Rc2 Rxc2 20.Bxc2 Bh6 21.Be1 Be6 22.Bd3 Ra8
23.Nf1 Nf6 24.Bc4 Qb6 25.f3 Nh5 26.g3 Ng7 27.Bf2 Qa5 28.Bxe6 Nxe6 29.Qc4 Rd8
30.Rb1 Ng7 31.Rb7 Rd2  1-0